000 00428nam a2200145 i 4500
001 bg
100 1 _aCAPUTA, Henryk
245 0 _aBadania nad kształtowaniem się niektórych wskaźników techniczno-zoohigienicznych i produkcyjnych w budynkach inwentarskich /
_cHenryk Caputa.
260 _aOpole,
_c1991.
040 _cBPK
041 _apol
080 _a631.22
942 _cKS
008 s pl f |000 0 pol
999 _c29593
_d29593
856 _uhttp://koha.tu.koszalin.pl/cgi-bin/koha/opac-detail.pl?biblionumber=29593
_yKatalog online BPK